=LDR 00000nam 2200000 4500 =001 001158 =005 20250710113955 =035 ##$$a 0010-0725000036 =007 ta =008 250710################a##########0#ind## =020 ##$$a 978-623-118795-6 =082 ##$$a 398.209 598 =084 ##$$a 398.209 598 IWO b =100 #$$a Iwok abqary =245 1#$$a Buku berharga lodi /$c Iwok abqary =250 ##$$a Cetakan pertama =260 ##$$a Rawamangun :$b Badan pengembangan dan pembinaan bahasa,$c 2024 =300 ##$$a 28 hlm. : $b Ilus. ; $c 29,7x21 cm =650 #4$$a Cerita anak-indonesia =650 #4$$a Kesusastraan anak =856 ##$$a TBM As suhada